| 000 | 00370nam a2200145Ia 4500 | ||
|---|---|---|---|
| 008 | 150201s2000 xx 000 0 und d | ||
| 082 |
_a617.601 _bP2000D |
||
| 100 | _aDEBNATH T. | ||
| 245 | _aPUBLIC HEALTH & PREVENTIVE DENTISTRY | ||
| 250 | _a2ND | ||
| 260 |
_bAITBS _aDELHI _c2000 |
||
| 300 | _a1-174 | ||
| 650 | _aPREVENTIVE AND COMMUNITY DENTISTRY | ||
| 942 |
_2ddc _cBK |
||
| 999 |
_c2969 _d2969 |
||